[Event "Challenge"]
[Site "http://www.queenalice.com/game.php?id=261257"]
[Date "2007.8.25"]
[Round "-"]
[White "jeje"]
[Black "raven225"]
[Result "0-1"]
[WhiteElo "937"]
[BlackElo "1762"]

1. e4 e5 2. h3 d5 3. Nf3 Nc6 4. Nc3 Nf6 5. Bd3 dxe4 6. Nxe4 Nxe4 7. Bxe4 Bc5 8.
O-O O-O 9. c4 Be6 10. Qa4 Bd7 11. Qb3 Rb8 12. Qd3 f5 13. Bxf5 Bxf5 14. Qb3 Be4
15. Nh4 Qxh4 16. g3 Qxh3 17. Qa3 Qh1# 0-1

[Event "Challenge"]
[Site "http://www.queenalice.com/game.php?id=261407"]
[Date "2007.8.25"]
[Round "-"]
[White "jeje"]
[Black "Hugo62"]
[Result "0-1"]
[WhiteElo "1049"]
[BlackElo "1345"]

1. e4 e5 2. Nf3 Nf6 3. Nxe5 Nxe4 4. Be2 d6 5. O-O Qe7 6. Nc4 d5 7. Na5 b6 8. Nb3
Na6 9. Bh5 g6 10. Bg4 f5 11. Bf3 Ng5 12. Bxd5 Rb8 13. c4 h6 14. Qe1 Be6 15. Qe3
Rd8 16. Nd4 Nc5 17. b4 Na4 18. Bxe6 Bg7 19. Nc6 Qf6 20. Bd5+ Kd7 21. c5 Rhe8 22.
Qd3 Qxa1 23. Re1 Rxe1+ 24. Qf1 Rxf1+ 25. Kxf1 Qxb1 26. Be6+ Nxe6 27. Nxd8 Nxd8
28. cxb6 Qxc1+ 29. Ke2 axb6 30. b5 f4 31. g3 Qc4+ 32. Kd1 f3 33. d3 Qxd3+ 34.
Ke1 Bc3# 0-1

[Event "AUTO-OPEN-805"]
[Site "http://www.queenalice.com/game.php?id=261892"]
[Date "2007.8.26"]
[Round "1"]
[White "juliafp78987"]
[Black "jeje"]
[Result "0-1"]
[WhiteElo "1126"]
[BlackElo "1034"]

1. e4 Nc6 2. d4 d6 3. d5 Nf6 4. Nc3 Na5 5. Nf3 Nc4 6. Bxc4 Bg4 7. h3 Bh5 8. Bg5
Qd7 9. e5 Qf5 10. Bxf6 exf6 11. e6 fxe6 12. dxe6 Bxf3 13. Qxf3 Qxc2 14. O-O Qxb2
15. Nd5 c6 16. Nc7+ Ke7 0-1

[Event "AUTO-OPEN-805"]
[Site "http://www.queenalice.com/game.php?id=261893"]
[Date "2007.8.26"]
[Round "1"]
[White "jeje"]
[Black "juliafp78987"]
[Result "0-1"]
[WhiteElo "947"]
[BlackElo "1285"]

1. Nc3 e5 2. e4 Nf6 3. Bc4 Bb4 4. Nh3 Bxc3 5. dxc3 Nxe4 6. Qf3 d5 7. Bxd5 Qxd5
8. a4 Bxh3 9. gxh3 Nc6 10. Rg1 O-O-O 11. Qf5+ Kb8 12. Ra3 Qd1# 0-1

[Event "AUTO-OPEN-805"]
[Site "http://www.queenalice.com/game.php?id=261915"]
[Date "2007.8.26"]
[Round "1"]
[White "jeje"]
[Black "alecarbar"]
[Result "0-1"]
[WhiteElo "1100"]
[BlackElo "1193"]

1. Nf3 e6 2. e3 Nf6 3. Bc4 Bc5 4. O-O O-O 5. Nc3 d5 6. b3 dxc4 7. bxc4 e5 8.
Nxe5 Ne8 9. Qh5 Bd6 10. Nb5 Bxe5 11. e4 Bxa1 12. d3 Bd4 13. Qe2 c6 14. Qd2 cxb5
15. c3 Qf6 16. cxb5 Qg6 17. cxd4 Bh3 18. Qe3 Qxg2# 0-1

[Event "AUTO-OPEN-805"]
[Site "http://www.queenalice.com/game.php?id=261929"]
[Date "2007.8.26"]
[Round "1"]
[White "Dougtzu"]
[Black "jeje"]
[Result "1-0"]
[WhiteElo "1596"]
[BlackElo "1033"]

1. d4 Nc6 2. c4 d6 3. e4 e6 4. Nc3 Qf6 5. Nf3 d5 6. cxd5 exd5 7. Nxd5 Qe6 8.
Nxc7+ Ke7 9. Nxe6 Bxe6 10. d5 Rd8 11. Qb3 Bg4 12. dxc6 bxc6 13. Ng5 Bd1 14.
Qxf7+ Kd6 15. Qe6+ Kc5 16. b4+ Kxb4 17. Rb1+ Ka4 18. Qxc6+ Ka5 19. Qb5# 1-0

[Event "Challenge"]
[Site "http://www.queenalice.com/game.php?id=268228"]
[Date "2007.9.7"]
[Round "-"]
[White "jeje"]
[Black "Alison_Banks"]
[Result "0-1"]
[WhiteElo "1033"]
[BlackElo "1707"]

1. e4 c5 2. Nf3 Nc6 3. Bb5 e6 4. Ba4 Nf6 5. O-O Nxe4 6. Re1 Nf6 7. Bb3 d5 8. c3
Bd6 9. Ba4 O-O 10. Re3 Qc7 11. d3 Ng4 12. Qb3 Bxh2+ 13. Nxh2 Qxh2+ 14. Kf1 Qh1+
15. Ke2 Qxc1 16. Qc2 Qxc2+ 17. Kf3 Qxb2 18. Bxc6 bxc6 19. Kxg4 e5+ 20. Kg3 Qxa1
21. Rxe5 Qxb1 22. Re7 Qxd3+ 23. Kh4 Qxc3 24. Rc7 Qf6+ 25. Kh5 g6+ 26. Kh6 Qh4#
0-1

[Event "AUTO-BEG-135"]
[Site "http://www.queenalice.com/game.php?id=268451"]
[Date "2007.9.8"]
[Round "1"]
[White "jeje"]
[Black "CJ"]
[Result "0-1"]
[WhiteElo "1060"]
[BlackElo "1206"]

1. d4 e6 2. c4 Bb4+ 3. Bd2 Bxd2+ 4. Qxd2 Nf6 5. Na3 c6 6. e4 Nxe4 7. Qd3 f5 8.
f3 Qh4+ 9. g3 Nxg3 10. hxg3 Qxg3+ 11. Kd2 b6 12. Qe2 Qg5+ 13. Ke1 Qg3+ 14. Kd1
Na6 15. Rh3 Qxg1 16. Qg2 Qxd4+ 17. Kc1 g6 18. Rxh7 Rxh7 19. Qxg6+ Rf7 20. Qg8+
Ke7 21. Nc2 Qf4+ 22. Kb1 Qxf3 23. Nd4 Qd1# 0-1

[Event "AUTO-BEG-135"]
[Site "http://www.queenalice.com/game.php?id=268455"]
[Date "2007.9.8"]
[Round "1"]
[White "jeje"]
[Black "Camaraujo"]
[Result "0-1"]
[WhiteElo "1031"]
[BlackElo "1430"]

1. e4 Nf6 2. Nf3 Nxe4 3. d3 Nc5 4. d4 Ne4 5. Qe2 Nf6 6. Bg5 h6 7. Qb5 hxg5 8.
Bc4 c6 9. Qb4 a5 10. Qd2 d5 11. Bd3 e6 12. Nxg5 Ng4 13. Qf4 Nf6 14. c4 Bd6 15.
Qd2 Rxh2 16. Rxh2 Bxh2 17. Nh7 Nxh7 18. Bxh7 Qh4 19. cxd5 Bf4 0-1

[Event "AUTO-BEG-135"]
[Site "http://www.queenalice.com/game.php?id=268456"]
[Date "2007.9.8"]
[Round "1"]
[White "Camaraujo"]
[Black "jeje"]
[Result "1-0"]
[WhiteElo "1428"]
[BlackElo "1031"]

1. e4 e5 2. Nf3 f6 3. Bc4 Bc5 4. Nc3 Qe7 5. Nd5 Qe6 6. Nxc7+ Kf7 7. Bxe6+ Kg6 8.
Bb3 Bxf2+ 9. Kxf2 Ne7 10. Nxa8 h5 11. d4 exd4 12. Qxd4 d5 13. Nh4+ Kf7 14. exd5
Rd8 15. d6+ Ke8 16. Re1 Bd7 17. Ba4 Bxa4 18. Rxe7+ Kf8 19. Ng6+ Kg8 20. Rxb7 1-0

[Event "Let's Play Chess!"]
[Site "http://www.queenalice.com/game.php?id=272267"]
[Date "2007.9.15"]
[Round "-"]
[White "natanara"]
[Black "jeje"]
[Result "1-0"]
[WhiteElo "1832"]
[BlackElo "1033"]

1. e4 e5 2. Nf3 Nc6 3. Bb5 Nb4 4. c3 Nd3+ 5. Bxd3 d6 6. Bc4 Bg4 7. h3 Bh5 8. g4
Bg6 9. d3 Qf6 10. Bg5 Qxf3 11. Qxf3 1-0

[Event "Challenge"]
[Site "http://www.queenalice.com/game.php?id=272327"]
[Date "2007.9.15"]
[Round "-"]
[White "jeje"]
[Black "Moro08"]
[Result "0-1"]
[WhiteElo "1031"]
[BlackElo "1854"]

1. e4 c5 2. Bb5 a6 3. Bc4 e6 4. Qh5 Nc6 5. Nf3 b5 6. Bb3 c4 7. Ng5 g6 8. Qg4
cxb3 9. axb3 Bg7 10. d4 Nxd4 11. O-O Nxc2 12. Ra5 Qxa5 13. Nxe6 dxe6 14. Bg5 Bb7
15. Nd2 h6 16. Bf4 e5 17. Bxe5 Bxe5 0-1

[Event "Challenge"]
[Site "http://www.queenalice.com/game.php?id=273140"]
[Date "2007.9.17"]
[Round "-"]
[White "fogatha"]
[Black "jeje"]
[Result "1-0"]
[WhiteElo "1500"]
[BlackElo "1027"]

1. e4 c5 2. Nc3 Qa5 3. Qf3 d6 4. Bc4 Be6 5. d3 Nc6 6. Bd2 d5 7. Nxd5 Bxd5 8.
Bxa5 Be6 9. Bc3 b5 10. Bxb5 Rc8 11. a4 Rc7 12. Qh5 Rd7 13. Bxc6 1-0